Trusts and equity (Record no. 5938)
[ view plain ]
| 000 -LEADER | |
|---|---|
| fixed length control field | 00473nam a22001577a 4500 |
| 008 - FIXED-LENGTH DATA ELEMENTS--GENERAL INFORMATION | |
| fixed length control field | 140630b xxu||||| |||| 00| 0 eng d |
| 020 ## - INTERNATIONAL STANDARD BOOK NUMBER | |
| International Standard Book Number | 9-781-408-253-458 |
| 082 ## - DEWEY DECIMAL CLASSIFICATION NUMBER | |
| Edition number | 10th ed. |
| Classification number | 346.05 EDW |
| 100 ## - MAIN ENTRY--PERSONAL NAME | |
| Personal name | Edward Richard&Stockwell,Nigel |
| 245 ## - TITLE STATEMENT | |
| Title | Trusts and equity |
| Statement of responsibility, etc | Richard,Edwards and Nigel,Stockwell |
| 250 ## - EDITION STATEMENT | |
| Edition statement | 10th ed. |
| 260 ## - PUBLICATION, DISTRIBUTION, ETC. (IMPRINT) | |
| Place of publication, distribution, etc | London, |
| Name of publisher, distributor, etc | Pearson Education Limited. |
| Date of publication, distribution, etc | 2011. |
| 300 ## - PHYSICAL DESCRIPTION | |
| Extent | xxxiii, 566 p.; |
| Dimensions | 24 cm |
| 521 ## - TARGET AUDIENCE NOTE | |
| Target audience note | includes index |
| 942 ## - ADDED ENTRY ELEMENTS (KOHA) | |
| Source of classification or shelving scheme | Dewey Decimal Classification |
| Item type | Books |
| Withdrawn status | Lost status | Source of classification or shelving scheme | Damaged status | Not for loan | Home library | Current library | Shelving location | Date acquired | Total Checkouts | Full call number | Barcode | Date last seen | Copy number | Price effective from | Koha item type | Public note |
|---|---|---|---|---|---|---|---|---|---|---|---|---|---|---|---|---|
| Dewey Decimal Classification | Law Development Centre Main Library | Law Development Centre Main Library | Text Books and Laws | 06/30/2014 | 346.05 EDW | 9955/2014 | 06/30/2014 | 1 | 06/30/2014 | Books | Reserve |
